[Event "USA tt"]
[Site "ICC INT"]
[Date "2012.09.05"]
[Round "1"]
[White "Kavutskiy, Konstantin"]
[Black "Ginsburg, Mark"]
[Result "0-1"]
[WhiteElo "2284"]
[BlackElo "2358"]
[PlyCount "98"]
[EventDate "2012.09.04"]
[EventType "team-tourn"]
[EventRounds "10"]
[EventCountry "USA"]
[SourceTitle "CBM 150 Extra"]
[Source "ChessBase"]
[SourceDate "2012.10.19"]
[SourceVersion "1"]
[SourceVersionDate "2012.10.19"]
[SourceQuality "1"]
[WhiteTeam "Los Angeles"]
[BlackTeam "Arizona"]
[WhiteTeamCountry "USA"]
[BlackTeamCountry "USA"]

1. d4 Nf6 2. Nf3 e6 3. c4 b6 4. g3 Bb7 5. Bg2 Be7 6. 0-0 0-0 7. Nc3 Ne4 8. Bd2 Nxd2 9. Qxd2 d6 10. e3 Nd7 11. Ne1 Qc8 12. Bxb7 Qxb7 13. Nd3 c5 14. d5 Bf6 15. Nf4 Bxc3 16. Qxc3 e5 17. Nd3 e4 18. Nf4 Nf6 19. b4 cxb4 20. Qxb4 Qd7 21. Kg2 Rac8 22. Rac1 Rc5 23. Ne2 Rfc8 24. h3 h5 25. Rc3 b5 26. Rfc1 a5 27. Qb2 bxc4 28. Nf4 Qf5 29. h4 Nxd5 30. Nxd5 Qxd5 31. Qe2 Qe6 32. Rb1 Qf6 33. Qd2 Rf5 34. Rb7 d5 35. Rc2 c3 36. Qd4 Qxd4 37. exd4 Rf3 38. Rb5 Rd3 39. Kf1 Rxd4 40. Rxa5 Rd3 41. Ke2 g6 42. Ra7 d4 43. Re7 f5 44. Rd7 Rc4 45. Ra7 Rf3 46. Rc1 d3+ 47. Kf1 e3 48. Rb1 Rxf2+ 49. Kg1 Rb2 0-1

[Event "Tempe ACE-ch 1st"]
[Site "Tempe"]
[Date "2012.03.03"]
[Round "3"]
[White "Ginsburg, Mark"]
[Black "Banawa, Joel Cholo"]
[Result "1/2-1/2"]
[WhiteElo "2358"]
[BlackElo "2354"]
[PlyCount "120"]
[EventDate "2012.03.02"]
[EventType "tourn"]
[EventRounds "5"]
[EventCountry "USA"]
[EventCategory "4"]
[SourceTitle "CBM 147 Extra"]
[Source "ChessBase"]
[SourceDate "2012.04.24"]
[SourceVersion "1"]
[SourceVersionDate "2012.04.24"]
[SourceQuality "1"]

1. c4 e6 2. Nf3 Nf6 3. g3 d5 4. b3 Be7 5. Bg2 0-0 6. 0-0 d4 7. d3 c5 8. e3 Nc6 9. exd4 cxd4 10. Re1 Ne8 11. Ne5 Nxe5 12. Rxe5 Qc7 13. Re1 Bd7 14. Ba3 Bc6 15. Bxe7 Qxe7 16. Nd2 Bxg2 17. Kxg2 Nf6 18. Ne4 Nd7 19. f4 a5 20. Qf3 Rfd8 21. Re2 a4 22. bxa4 b6 23. Rf1 Ra5 24. Nd2 Rxa4 25. Nb3 Qd6 26. Rff2 Rda8 27. Qe4 Nf6 28. Qxd4 Qxd4 29. Nxd4 Ng4 30. Rf3 Rxa2 31. h3 Nf6 32. Rxa2 Rxa2+ 33. Rf2 Ra3 34. Rd2 Kf8 35. Kf2 Nd7 36. Nb5 Rb3 37. Nd4 Ra3 38. Nb5 Ra1 39. Nc3 Rc1 40. Na4 Ra1 41. Nc3 Nc5 42. Ke3 Re1+ 43. Ne2 h5 44. d4 Nb7 45. c5 bxc5 46. Rb2 Na5 47. Rb8+ Ke7 48. dxc5 Rd1 49. Rb6 Ra1 50. Nd4 Ra3+ 51. Kf2 Ra2+ 52. Kf3 Ra3+ 53. Kf2 Nc4 54. Rb7+ Kf6 55. Nf3 Ra2+ 56. Ke1 Kf5 57. c6 Ke4 58. Ng5+ Kd4 59. c7 Nd6 60. Nxf7 Rc2 1/2-1/2

[Event "Tempe ACE-ch 1st"]
[Site "Tempe"]
[Date "2012.03.02"]
[Round "1"]
[White "Atoufi, Pedram"]
[Black "Ginsburg, Mark"]
[Result "0-1"]
[WhiteElo "2279"]
[BlackElo "2358"]
[PlyCount "134"]
[EventDate "2012.03.02"]
[EventType "tourn"]
[EventRounds "5"]
[EventCountry "USA"]
[EventCategory "4"]
[SourceTitle "CBM 147 Extra"]
[Source "ChessBase"]
[SourceDate "2012.04.24"]
[SourceVersion "1"]
[SourceVersionDate "2012.04.24"]
[SourceQuality "1"]

1. e4 c5 2. Nf3 d6 3. d4 cxd4 4. Nxd4 Nf6 5. Nc3 Nc6 6. h3 e5 7. Nde2 Be6 8. Bg5 Be7 9. Bxf6 Bxf6 10. Nd5 Bg5 11. Nec3 Rc8 12. Bd3 0-0 13. 0-0 g6 14. Kh2 Ne7 15. Qe2 Bxd5 16. Nxd5 Nxd5 17. exd5 f5 18. c3 h5 19. a4 h4 20. Ra3 Rc7 21. a5 Rh7 22. b4 Bf4+ 23. Kh1 Qg5 24. c4 e4 25. Bc2 Re7 26. c5 Rfe8 27. Ba4 Rd8 28. a6 bxa6 29. Qxa6 Be5 30. Qe2 Bd4 31. Qc4 Be5 32. Qe2 Rb8 33. Rb3 Rh7 34. Qe3 Bf4 35. Qc3 Re7 36. cxd6 Bxd6 37. Qc6 Qf4 38. g3 hxg3 39. Rxg3 Kf7 40. b5 Rc7 41. Qa6 e3 42. Bd1 Re7 43. Qa2 Rh8 44. Kg2 exf2 45. Qxf2 Qxg3+ 46. Qxg3 Bxg3 47. Kxg3 Rb8 48. h4 Rxb5 49. h5 Kf6 50. Bf3 gxh5 51. Rh1 Rg7+ 52. Kf4 Rb4+ 53. Ke3 Rg3 54. Kf2 f4 55. Rh4 a5 56. Bxh5 Ke5 57. Be2 Rg5 58. Bf3 a4 59. Rh8 Rb2+ 60. Kf1 a3 61. Re8+ Kd6 62. Re6+ Kd7 63. Ra6 a2 64. Ra7+ Kd6 65. Ra6+ Ke5 66. Re6+ Kd4 67. Re4+ Kc3 0-1